000 00542nam a2200181Ia 4500
003 LK-CoDNM
008 010623t2009 xxu||||| |||| 00| 1 sin d
040 _aLK-CoDNM
_dLK-CoDNM
_eLK-CoDNM
041 _asin
080 _a902 GAM
100 _aGamage, Jeewana Suranga
245 _aදුටුගැමුණු රජ ගේ සොහොන් ගැබ සොයා
246 _aDutugemunu raja ge sohon geba soya
260 _bStamford Lake publication
_aColombo
_c2009
300 _b47, 21 cm
650 _aBiography
942 _cBK
999 _c128745
_d128745